Reflexiones sobre la legislación penal, el jurado y las costumbres judiciales de Inglaterra / (Record no. 154592)

MARC details
000 -LEADER
campo de control de longitud fija 00650nam a2200157 i 4500
001 - NÚMERO DE CONTROL
campo de control 154592
003 - IDENTIFICADOR DE NÚMERO DE CONTROL
campo de control ES-MaACL
005 - FECHA Y HORA DE LA ÚLTIMA TRANSACCIÓN
campo de control 20230906205805.0
008 - DATOS DE LONGITUD FIJA--INFORMACIÓN GENERAL
campo de control de longitud fija 990719s1877 sp |||| | spa d
040 ## - FUENTE DE CATALOGACIÓN
Centro catalogador/agencia de origen CCPB | B
Lengua de catalogación spa
Centro/agencia transcriptor CCPB | B
100 1# - ENTRADA PRINCIPAL--NOMBRE DE PERSONA
Nombre de persona González Nandín, Sebastián.
9 (RLIN) 127421
245 10 - MENCIÓN DEL TÍTULO
Título Reflexiones sobre la legislación penal, el jurado y las costumbres judiciales de Inglaterra /
Mención de responsabilidad, etc. por Sebastián González Nandín.
260 ## - PUBLICACIÓN, DISTRIBUCIÓN, ETC.
Lugar de publicación, distribución, etc. Madrid :
Nombre del editor, distribuidor, etc. [s.n.],
Fecha de publicación, distribución, etc. 1877 (
Fabricante Imprenta de la Revista de Legislación)
300 ## - DESCRIPCIÓN FÍSICA
Extensión 138 p. ;
Dimensiones 22 cm.
852 ## - LOCALIZACIÓN
Ubicación ES-MaACL
Número de control de estantería T-251-F-6
Nota libre -- Enc. hol., falto de la cub. original
-- -- Enc. en un vol. facticio
Holdings
Estatus retirado Estado de pérdida Estado de daño No para préstamo Colección Biblioteca de origen Biblioteca actual Ubicación en estantería Fecha de adquisición Total de préstamos Signatura topográfica completa Código de barras Visto por última vez Precio de reemplazo Tipo de ítem Koha
        Colección de folletos Biblioteca del Ateneo de Madrid Biblioteca del Ateneo de Madrid Depósito folletos 17/01/2008   T-251-F-6 1161686 23/02/2023 23/02/2023 Folleto